[Event "TUR-chT Clubs"]
[Site "Konya"]
[Date "2019.07.20"]
[Round "8.8"]
[White "Unsal, Omer"]
[Black "Sarikas, Ertan"]
[Result "1-0"]
[WhiteElo "1586"]
[BlackElo "1612"]
[PlyCount "133"]
[EventDate "2019.07.16"]
[EventType "team-swiss"]
[EventRounds "9"]
[EventCountry "TUR"]
[SourceTitle "CBM 191 Extra"]
[Source "ChessBase"]
[SourceDate "2019.09.30"]
[SourceVersion "1"]
[SourceVersionDate "2019.09.30"]
[SourceQuality "1"]
[WhiteTeam "Nazilli Belediyesi"]
[BlackTeam "Artvin Il Ozel"]
[WhiteTeamCountry "TUR"]
[BlackTeamCountry "TUR"]

1. e4 g6 2. d4 Bg7 3. Nf3 d6 4. Be3 Nf6 5. Bd3 0-0 6. 0-0 Nbd7 7. h3 e5 8. c3 Re8 9. Nbd2 Nf8 10. d5 Nh5 11. Re1 Nf4 12. Bf1 g5 13. g3 h6 14. Kh2 N4g6 15. Ng1 f5 16. exf5 Bxf5 17. Bg2 Nh7 18. Be4 Bxe4 19. Nxe4 Nf6 20. Qd3 Nxe4 21. Qxe4 Qf6 22. Rad1 Rf8 23. Ne2 Ne7 24. g4 Ng6 25. Ng3 Nh4 26. Rf1 Qf3 27. Rd3 Qxe4 28. Nxe4 b5 29. Rc1 a5 30. c4 b4 31. c5 Nf3+ 32. Kh1 Nd4 33. cxd6 cxd6 34. Nxd6 Ne2 35. Rc7 Nf4 36. Bxf4 exf4 37. Nf5 Rf7 38. d6 Rd8 39. Ne7+ Kh7 40. Nc6 Rdd7 41. Rxd7 Rxd7 42. Nb8 Rb7 43. d7 Bf6 44. Nc6 Rc7 45. d8Q Bxd8 46. Nxd8 Rc2 47. Rb3 Rxf2 48. Nc6 Rf1+ 49. Kg2 Ra1 50. Nxa5 Rxa2 51. Nc6 h5 52. Nxb4 Ra1 53. Nc6 Rc1 54. Nd4 Rc4 55. Rd3 Rb4 56. b3 hxg4 57. hxg4 Kg7 58. Nc6 Rb6 59. Rc3 Kf6 60. Kf3 Ke6 61. Ke4 Kd6 62. Nd4 Rb8 63. Rc6+ Kd7 64. Rg6 Re8+ 65. Kd5 Ra8 66. Rg7+ Kc8 67. Rg8+ 1-0

[Event "TUR-chT Clubs"]
[Site "Konya"]
[Date "2019.07.18"]
[Round "4.17"]
[White "Kara, Muhammed Ozcan"]
[Black "Unsal, Omer"]
[Result "0-1"]
[WhiteElo "1196"]
[BlackElo "1586"]
[PlyCount "98"]
[EventDate "2019.07.16"]
[EventType "team-swiss"]
[EventRounds "9"]
[EventCountry "TUR"]
[SourceTitle "CBM 191 Extra"]
[Source "ChessBase"]
[SourceDate "2019.09.30"]
[SourceVersion "1"]
[SourceVersionDate "2019.09.30"]
[SourceQuality "1"]
[WhiteTeam "Hartlap Koyu Ali Dogan"]
[BlackTeam "Nazilli Belediyesi"]
[WhiteTeamCountry "TUR"]
[BlackTeamCountry "TUR"]

1. e4 d5 2. exd5 Nf6 3. Nc3 Nxd5 4. d4 Nxc3 5. bxc3 g6 6. Nf3 Bg7 7. Bb2 c5 8. Bb5+ Bd7 9. Bxd7+ Nxd7 10. 0-0 0-0 11. Re1 Re8 12. Rb1 Qa5 13. a3 c4 14. Re3 Nb6 15. Nd2 Nd5 16. Rg3 Rac8 17. Ne4 Rc6 18. Qf1 f5 19. Nd2 Qc7 20. Ba1 e5 21. Rb5 Rd8 22. Nf3 a6 23. Rb1 f4 24. Rh3 e4 25. Ng5 Nf6 26. Re1 Re8 27. Bb2 h6 28. d5 Rb6 29. Ne6 Rexe6 30. dxe6 Rxb2 31. Qe2 Rb6 32. e7 Re6 33. g3 f3 34. Qd2 Rxe7 35. Rd1 Rd7 36. Qe1 Qc8 37. Rxd7 Qxd7 38. Qf1 b5 39. Rh4 g5 40. Qh3 Qd1+ 41. Qf1 Qxf1+ 42. Kxf1 gxh4 43. gxh4 Nd5 44. Ke1 Bxc3+ 45. Kd1 e3 46. fxe3 Nxe3+ 47. Kc1 f2 48. Kb1 f1Q+ 49. Ka2 Qa1# 0-1

[Event "TUR-chT Clubs"]
[Site "Konya"]
[Date "2019.07.18"]
[Round "5.8"]
[White "Unsal, Omer"]
[Black "Mutlu, Bunyamin"]
[Result "1-0"]
[WhiteElo "1586"]
[BlackElo "1511"]
[PlyCount "119"]
[EventDate "2019.07.16"]
[EventType "team-swiss"]
[EventRounds "9"]
[EventCountry "TUR"]
[SourceTitle "CBM 191 Extra"]
[Source "ChessBase"]
[SourceDate "2019.09.30"]
[SourceVersion "1"]
[SourceVersionDate "2019.09.30"]
[SourceQuality "1"]
[WhiteTeam "Nazilli Belediyesi"]
[BlackTeam "Trabzon Feda"]
[WhiteTeamCountry "TUR"]
[BlackTeamCountry "TUR"]

1. c4 Nf6 2. g3 g6 3. Bg2 Bg7 4. Nc3 0-0 5. Nf3 d6 6. 0-0 c5 7. d4 Nc6 8. d5 Nb8 9. Re1 Na6 10. h3 Nc7 11. e4 Nd7 12. Bf4 f6 13. Qd2 Rf7 14. Bf1 Qf8 15. Nh2 h6 16. Be3 g5 17. Be2 f5 18. exf5 Rxf5 19. Bd3 Ne5 20. Be2 Ne8 21. Rf1 Rf7 22. Kg2 Bf5 23. f4 gxf4 24. Rxf4 Bh7 25. Raf1 Nf6 26. Ng4 Nfxg4 27. Bxg4 Nxc4 28. Rxf7 Nxd2 29. Rxf8+ Rxf8 30. Be6+ Kh8 31. Rxf8+ Bxf8 32. Bxd2 Bg7 33. Kf3 Be5 34. Bxh6 a6 35. Bg5 b5 36. Bf4 Bf6 37. Bc1 b4 38. Ne4 Bd4 39. b3 Kg7 40. g4 a5 41. h4 c4 42. h5 a4 43. bxa4 b3 44. axb3 cxb3 45. g5 b2 46. Bxb2 Bxb2 47. g6 Bxg6 48. hxg6 Kxg6 49. Nd2 Bd4 50. Ke4 Ba7 51. Nc4 Kg7 52. a5 Kf8 53. Nb6 Ke8 54. Nc8 Bc5 55. a6 Kd8 56. a7 Bxa7 57. Nxa7 Kc7 58. Nc6 Kb6 59. Nxe7 Kc7 60. Nf5 1-0

[Event "TUR-chT Clubs"]
[Site "Konya"]
[Date "2019.07.17"]
[Round "2.10"]
[White "Aslanhan, Halis"]
[Black "Unsal, Omer"]
[Result "1/2-1/2"]
[WhiteElo "1812"]
[BlackElo "1586"]
[PlyCount "68"]
[EventDate "2019.07.16"]
[EventType "team-swiss"]
[EventRounds "9"]
[EventCountry "TUR"]
[SourceTitle "CBM 191 Extra"]
[Source "ChessBase"]
[SourceDate "2019.09.30"]
[SourceVersion "1"]
[SourceVersionDate "2019.09.30"]
[SourceQuality "1"]
[WhiteTeam "Bitlis Ihtisas Egitim"]
[BlackTeam "Nazilli Belediyesi"]
[WhiteTeamCountry "TUR"]
[BlackTeamCountry "TUR"]

1. e4 c5 2. Nf3 d6 3. d4 cxd4 4. Nxd4 g6 5. Nc3 Bg7 6. Be3 Nf6 7. f3 Nc6 8. Qd2 Bd7 9. Bc4 0-0 10. 0-0-0 a6 11. h4 Ne5 12. Bb3 h5 13. Bh6 Rc8 14. Bxg7 Kxg7 15. g4 hxg4 16. f4 Nc6 17. Nxc6 bxc6 18. f5 Rh8 19. h5 Nxh5 20. Qg5 e6 21. Qxg4 exf5 22. Qg2 Qc7 23. Rhf1 f4 24. Qg5 Rce8 25. Rd4 Re5 26. Qg2 Be6 27. Rfd1 Bxb3 28. axb3 Re6 29. Rc4 Qb6 30. Rcd4 Qc7 31. Rc4 Qb6 32. Rcd4 Qc7 33. Rc4 Qb6 34. Rcd4 Qc7 1/2-1/2

[Event "TUR-chT Clubs"]
[Site "Konya"]
[Date "2019.07.17"]
[Round "3.8"]
[White "Unsal, Omer"]
[Black "Ekici, Caner"]
[Result "1-0"]
[WhiteElo "1586"]
[BlackElo "1650"]
[PlyCount "79"]
[EventDate "2019.07.16"]
[EventType "team-swiss"]
[EventRounds "9"]
[EventCountry "TUR"]
[SourceTitle "CBM 191 Extra"]
[Source "ChessBase"]
[SourceDate "2019.09.30"]
[SourceVersion "1"]
[SourceVersionDate "2019.09.30"]
[SourceQuality "1"]
[WhiteTeam "Nazilli Belediyesi"]
[BlackTeam "Sungurlu Egitim Genclik"]
[WhiteTeamCountry "TUR"]
[BlackTeamCountry "TUR"]

1. e4 c5 2. b3 Nc6 3. Bb2 e6 4. Nc3 a6 5. f4 b5 6. Nf3 Bb7 7. d3 Qc7 8. Qd2 Nge7 9. g3 d5 10. Bg2 h6 11. Ne2 Rg8 12. h4 g6 13. h5 0-0-0 14. e5 d4 15. hxg6 Rxg6 16. 0-0-0 Nf5 17. Nh4 Nxh4 18. Rxh4 Nb4 19. Bxb7+ Qxb7 20. Kb1 Nd5 21. c3 Ne3 22. Rg1 Nf5 23. Rh3 dxc3 24. Bxc3 Qf3 25. d4 Qe4+ 26. Ka1 b4 27. Bb2 a5 28. g4 Nxd4 29. Nxd4 cxd4 30. Rc1+ Kb7 31. Rd3 Rxg4 32. Qc2 Ka6 33. Qc4+ Kb7 34. Qc7+ Ka6 35. Rc6+ Qxc6 36. Qxc6+ Ka7 37. Qc7+ Ka6 38. Qxd8 Rg1+ 39. Bc1 Rxc1+ 40. Kb2 1-0

[Event "TUR-chT Clubs"]
[Site "Konya"]
[Date "2019.07.16"]
[Round "1.25"]
[White "Unsal, Omer"]
[Black "Karakus, Ali"]
[Result "1-0"]
[WhiteElo "1586"]
[BlackElo "1338"]
[PlyCount "55"]
[EventDate "2019.07.16"]
[EventType "team-swiss"]
[EventRounds "9"]
[EventCountry "TUR"]
[SourceTitle "CBM 191 Extra"]
[Source "ChessBase"]
[SourceDate "2019.09.30"]
[SourceVersion "1"]
[SourceVersionDate "2019.09.30"]
[SourceQuality "1"]
[WhiteTeam "Nazilli Belediyesi"]
[BlackTeam "Dumlupinar Turk"]
[WhiteTeamCountry "TUR"]
[BlackTeamCountry "TUR"]

1. c4 e5 2. Nc3 Nc6 3. g3 g6 4. Bg2 Bg7 5. d3 d6 6. Nf3 f5 7. Bg5 Nge7 8. h4 h6 9. Bd2 Be6 10. e4 Qd7 11. Nd5 Bf7 12. Bh3 Nxd5 13. cxd5 Ne7 14. Bc3 Qb5 15. a4 Qa6 16. Bf1 b6 17. d4 Qb7 18. Bb5+ Kf8 19. dxe5 fxe4 20. e6 Bxc3+ 21. bxc3 Be8 22. Qd4 Rh7 23. Qxe4 Qxd5 24. Qxd5 Nxd5 25. Kd2 Nf6 26. Rhe1 a6 27. Bd3 Ke7 28. Nh2 1-0

[Event "TUR-chT 2nd League"]
[Site "Konya"]
[Date "2018.07.22"]
[Round "9.15"]
[White "Firinciogullari, Gurdal"]
[Black "Unsal, Omer"]
[Result "1-0"]
[WhiteElo "1672"]
[BlackElo "1619"]
[PlyCount "46"]
[EventDate "2018.07.16"]
[EventType "team-swiss"]
[EventRounds "9"]
[EventCountry "TUR"]
[SourceTitle "EXT 2019"]
[Source "ChessBase"]
[SourceDate "2018.10.10"]
[SourceVersion "1"]
[SourceVersionDate "2018.10.10"]
[SourceQuality "1"]
[WhiteTeam "Kahramanmaras Ustad"]
[BlackTeam "Ayidin Nazilli Belediyesi"]
[WhiteTeamCountry "TUR"]
[BlackTeamCountry "TUR"]

1. d4 Nf6 2. Nf3 e6 3. e3 c5 4. c3 Nc6 5. Bd3 d5 6. 0-0 Bd6 7. Nbd2 c4 8. Bc2 0-0 9. e4 Nxe4 10. Nxe4 dxe4 11. Bxe4 f5 12. Bxc6 bxc6 13. Qe2 c5 14. dxc5 Bxc5 15. Be3 Bxe3 16. Qxe3 Qc7 17. Rfe1 h6 18. Rad1 Re8 19. Ne5 Rb8 20. Rd2 Rb5 21. f4 Rd5 22. Rxd5 exd5 23. Qd4 Be6 1-0

[Event "TUR-chT 2nd League"]
[Site "Konya"]
[Date "2018.07.18"]
[Round "4.16"]
[White "Ozturk, Cagatay"]
[Black "Unsal, Omer"]
[Result "0-1"]
[WhiteElo "1595"]
[BlackElo "1619"]
[PlyCount "121"]
[EventDate "2018.07.16"]
[EventType "team-swiss"]
[EventRounds "9"]
[EventCountry "TUR"]
[SourceTitle "EXT 2019"]
[Source "ChessBase"]
[SourceDate "2018.10.10"]
[SourceVersion "1"]
[SourceVersionDate "2018.10.10"]
[SourceQuality "1"]
[WhiteTeam "Cesme Belediye"]
[BlackTeam "Ayidin Nazilli Belediyesi"]
[WhiteTeamCountry "TUR"]
[BlackTeamCountry "TUR"]

1. e4 d5 2. exd5 Qxd5 3. d4 Nf6 4. Nf3 Bg4 5. Be2 e6 6. c4 Qa5+ 7. Bd2 Bb4 8. Nc3 c6 9. Qb3 Nbd7 10. a3 Bxc3 11. Bxc3 Qc7 12. h3 Bh5 13. 0-0 0-0 14. Rfe1 Ne4 15. Bb4 c5 16. dxc5 Ndxc5 17. Qe3 a5 18. Bxc5 Nxc5 19. g4 Bg6 20. h4 Rfd8 21. Rad1 h5 22. Ne5 Be4 23. Nd7 Nxd7 24. Qxe4 Nf6 25. Qg2 hxg4 26. Bxg4 Qxc4 27. Rxd8+ Rxd8 28. Bd1 Qc1 29. Qf3 Qxb2 30. Kh1 Qd2 31. Rg1 Qh6 32. Qg3 Rd4 33. Kg2 Qf4 34. Qc3 Rxd1 35. Qc8+ Ne8 36. Qxe8+ Kh7 37. Rxd1 Qg4+ 38. Kh2 Qxh4+ 39. Kg2 Qg4+ 40. Kh2 Qxd1 41. Qxf7 Qd6+ 42. Kg2 Qd5+ 43. Kh2 Qe5+ 44. Kg2 Qg5+ 45. Kf1 Qc1+ 46. Ke2 Qc4+ 47. Kd2 Qd4+ 48. Ke2 Qb2+ 49. Ke1 Qc1+ 50. Ke2 Qc4+ 51. Ke1 Qe4+ 52. Kf1 Qd3+ 53. Ke1 Qd5 54. Qf8 Qe4+ 55. Kd2 Qd4+ 56. Kc2 Qc4+ 57. Kd2 b5 58. Qf3 Qd5+ 59. Qxd5 exd5 60. Kd3 b4 61. axb4 0-1